000 00752nam a2200277Ia 4500
003 OSt
005 20221006160333.0
006 a|||||r|||| 00| 0
007 ta
008 221006b |||||||| |||| 00| 0 kor d
020 _a9788991913202
_cW8,500
024 _a44,996
037 _bGift, Window on Korea
_cTextual
040 _aEASL
_cEASL
_bkor
041 _2kor
_akor
082 _aO495,3NBE, P7
100 _aBeak Sun woo
_9672961
245 0 _aSeaweed and shamans
260 _aSeoul
_bSeoul Selection Korea
_c2007
300 _a268p.
_ccm.
490 _v KL
500 _aLiterature Fiction
650 _aKL
942 _hO495,3NBE, P7
_cTEXL
_2CC
999 _c1113088
_d1113088